000 00738nam a2200253Ia 4500
003 OSt
005 20221006140733.0
006 a|||||r|||| 00| 0
007 ta
008 221006b |||||||| |||| 00| 0 eng d
024 _a512
037 _bGift, Gift
_cTextual
040 _aEASL
_cEASL
_beng
041 _2eng
_aeng
082 _aV41vN, N5
100 _aDuara Prasenjit
245 0 _aRescuing history from the nation
_bQuestioning narratives of modern China
260 _aChicago
_bUniversity of Chicago Press
_c1995
300 _a274p.
_ccm.
650 _a China history
650 _aChina historrography
_9643339
942 _hV41vN, N5
_cTEXL
_2CC
999 _c1068599
_d1068599